[Event "European Blitz 2015"]
[Site "Minsk BLR"]
[Date "2015.12.18"]
[Round "13.22"]
[White "Popov, Ivan RUS"]
[Black "Triapishko, Olexandr"]
[Result "1-0"]
[WhiteTitle "GM"]
[WhiteElo "2650"]
[BlackElo "2471"]
[WhiteFideId "4170350"]
[BlackFideId "14122286"]
[EventDate "2015.12.18"]
[EventType "swiss (blitz)"]

1. e4 c5 2. Nf3 Nc6 3. Bb5 e6 4. Bxc6 bxc6 5. O-O Ne7 6. b3 Ng6 7. Bb2 d6 8. e5
Be7 9. exd6 Bxd6 10. Bxg7 Rg8 11. Bb2 e5 12. Nc3 Bg4 13. h3 Bxh3 14. Ne4 Bxg2
15. Kxg2 Nh4+ 16. Kh2 Nxf3+ 17. Qxf3 Qh4+ 18. Qh3 Qxe4 19. Rg1 Ke7 20. Rg3 Qf4
21. Rg1 Qxf2+ 22. R1g2 Qf4 23. Kg1 Rg6 24. Rxg6 hxg6 25. Bc3 Qf5 26. Qh4+ Qf6
27. Qe4 Rh8 28. Qxc6 Qh4 29. Qb7+ Ke6 30. d3 Qh1+ 31. Kf2 Rh5 32. Ke2 Rf5 33.
Rxg6+ fxg6 34. Qxh1 Rh5 35. Qb7 Rh2+ 36. Kd1 g5 37. Qc8+ Kf6 38. Ba5 g4 39. Qxg4 1-0

[Event "European Blitz 2015"]
[Site "Minsk BLR"]
[Date "2015.12.18"]
[Round "13.23"]
[White "Potapov, Alexey"]
[Black "Chigaev, Maksim"]
[Result "0-1"]
[WhiteTitle "IM"]
[BlackTitle "IM"]
[WhiteElo "2389"]
[BlackElo "2526"]
[WhiteFideId "4182138"]
[BlackFideId "4108116"]
[EventDate "2015.12.18"]
[EventType "swiss (blitz)"]

1. Nf3 g6 2. g3 Bg7 3. Bg2 e5 4. d3 d5 5. O-O Ne7 6. e4 d4 7. c3 c5 8. cxd4 cxd4
9. Na3 O-O 10. Nc4 Nbc6 11. a4 Be6 12. Ne1 Qd7 13. Bd2 f5 14. Rc1 fxe4 15. Bxe4
Nd5 16. Nc2 Kh8 17. Qe2 Bg4 18. f3 Bh3 19. Rf2 Rae8 20. Re1 Bf5 21. Ref1 Nf6 22.
Rc1 Nxe4 23. fxe4 Bg4 24. Rxf8+ Rxf8 25. Qg2 Bf3 26. Qf2 Bxe4 27. Qxf8+ Bxf8 28.
dxe4 Bg7 29. Ne1 d3 30. Nf3 Nd4 31. Kg2 Nxf3 32. Kxf3 Qf7+ 33. Kg2 h6 34. b3 a6
35. Rc3 b5 36. axb5 axb5 37. Ne3 Qd7 38. Nd5 Qg4 39. Rc8+ Qxc8 0-1

[Event "European Blitz 2015"]
[Site "Minsk BLR"]
[Date "2015.12.18"]
[Round "13.24"]
[White "Pankov, German"]
[Black "Zubritskiy, Artyom"]
[Result "1-0"]
[WhiteTitle "IM"]
[BlackTitle "FM"]
[WhiteElo "2404"]
[BlackElo "2422"]
[WhiteFideId "4174569"]
[BlackFideId "4181247"]
[EventDate "2015.12.18"]
[EventType "swiss (blitz)"]

1. d4 d5 2. Nf3 Nf6 3. c4 dxc4 4. e3 e6 5. Bxc4 c5 6. O-O Qc7 7. Qe2 a6 8. a4
Bd6 9. Nc3 Nc6 10. Rd1 O-O 11. h3 b6 12. d5 exd5 13. Nxd5 Nxd5 14. Bxd5 Bb7 15.
e4 Rae8 16. Be3 h6 17. Rac1 Rd8 18. Nh4 Ne7 19. Bxb7 Qxb7 20. Qg4 Kh8 21. Qh5
Qxe4 22. Bg5 Qc6 23. Bxh6 Bh2+ 24. Kxh2 Qxh6 25. Qxh6+ gxh6 26. Re1 Rd7 27. Re3
Nd5 28. Re5 Nb4 29. Rc3 Nd3 30. Rh5 Nxb2 31. Rxh6+ Kg7 32. Nf5+ 1-0

[Event "European Blitz 2015"]
[Site "Minsk BLR"]
[Date "2015.12.18"]
[Round "13.25"]
[White "Kovalev, Vladislav"]
[Black "Malakhov, Igor"]
[Result "1-0"]
[WhiteTitle "GM"]
[BlackTitle "IM"]
[WhiteElo "2546"]
[BlackElo "2451"]
[WhiteFideId "13504398"]
[BlackFideId "4183088"]
[EventDate "2015.12.18"]
[EventType "swiss (blitz)"]

1. d4 Nf6 2. Nc3 d5 3. Bf4 c6 4. e3 Bf5 5. f3 e6 6. g4 Bg6 7. h4 h5 8. g5 Nfd7
9. Nge2 f6 10. Bh3 e5 11. Bh2 Bd6 12. Qd2 Na6 13. a3 Qe7 14. O-O-O Bxa3 15. e4
Bb4 16. gxf6 gxf6 17. Rhg1 Bf7 18. Qe3 exd4 19. Nxd4 Bc5 20. Qd2 O-O-O 21. exd5
Rhg8 22. Rxg8 Bxg8 23. dxc6 Bxd4 24. cxd7+ Rxd7 25. Bxd7+ Qxd7 26. Qxd4 1-0

[Event "European Blitz 2015"]
[Site "Minsk BLR"]
[Date "2015.12.18"]
[Round "13.26"]
[White "Sarana, Alexey"]
[Black "Mikhalevski, Victor"]
[Result "1-0"]
[BlackTitle "GM"]
[WhiteElo "2432"]
[BlackElo "2535"]
[WhiteFideId "24133795"]
[BlackFideId "2801914"]
[EventDate "2015.12.18"]
[EventType "swiss (blitz)"]

1. Nf3 Nf6 2. g3 g6 3. Bg2 Bg7 4. O-O O-O 5. d4 d5 6. c4 c6 7. Qb3 Qb6 8. Nc3
Rd8 9. c5 Qxb3 10. axb3 Na6 11. Bf4 Bf5 12. Ra4 Ne8 13. Rfa1 Bc2 14. R1a3 f6 15.
Kf1 e5 16. dxe5 Nxc5 17. Rxa7 Rxa7 18. Rxa7 Bxb3 19. Be3 Ne6 20. Rxb7 Bc2 21.
Ne1 Bf5 22. exf6 Bxf6 23. Bb6 Ra8 24. h3 Nd6 25. Ra7 Rb8 26. Ba5 Rxb2 27. g4 Bc2
28. Nxc2 Rxc2 29. Nxd5 Rc1+ 30. Be1 cxd5 31. Bxd5 Bc3 32. Bxe6+ Kh8 33. Rd7
Rxe1+ 34. Kg2 Ne4 35. Rd8+ Kg7 36. Rd7+ Kf6 37. Bd5 Nc5 38. Rf7+ Ke5 39. Bf3 h6
40. Rh7 Bd2 41. e3 Kf6 42. Rxh6 Kg7 43. g5 Ra1 44. h4 Nd3 45. h5 Ne1+ 46. Kg3
gxh5 47. Bxh5 Nd3 48. Rg6+ Kh7 49. Rd6 Rg1+ 50. Kh2 Rxg5 51. Bf3 Nxf2 52. Rxd2
Ng4+ 53. Kg3 Ne5+ 54. Kf4 Nxf3 55. Kxf3 Kg6 56. Kf4 Ra5 57. Rd6+ Kf7 58. e4 Ke7
59. Rh6 Rb5 60. e5 Rb1 1-0

[Event "European Blitz 2015"]
[Site "Minsk BLR"]
[Date "2015.12.18"]
[Round "13.27"]
[White "Girya, Olga"]
[Black "Milov, Vadim"]
[Result "0-1"]
[WhiteTitle "WGM"]
[BlackTitle "GM"]
[WhiteElo "2456"]
[BlackElo "2615"]
[WhiteFideId "4195752"]
[BlackFideId "1304364"]
[EventDate "2015.12.18"]
[EventType "swiss (blitz)"]

1. d4 Nf6 2. c4 g6 3. Nc3 Bg7 4. e4 d6 5. f3 O-O 6. Bg5 a6 7. Bd3 Nbd7 8. Nge2
c5 9. d5 b5 10. cxb5 Ne5 11. O-O axb5 12. Bxb5 Ba6 13. a4 Qa5 14. Bd2 Nc4 15.
Bxc4 Bxc4 16. b3 Ba6 17. Nb5 Qb6 18. Nec3 Ne8 19. Kh1 Nc7 20. Rb1 Nxb5 21. axb5
Bxb5 22. Nxb5 Qxb5 23. b4 c4 24. Qc2 Ra3 25. Rfc1 Rc8 26. Re1 Rca8 27. Bg5 Ra2
28. Qc1 R8a7 29. Be3 Rc7 30. f4 c3 31. Ra1 Rxa1 32. Qxa1 h5 33. Qa8+ Kh7 34. e5
c2 35. Qa2 Qd3 36. Bc1 dxe5 37. fxe5 Bxe5 38. Qa5 Qd1 39. b5 Bc3 0-1

[Event "European Blitz 2015"]
[Site "Minsk BLR"]
[Date "2015.12.18"]
[Round "13.28"]
[White "Ambartsumova, Karina"]
[Black "Kryakvin, Dmitry"]
[Result "0-1"]
[WhiteTitle "WGM"]
[BlackTitle "GM"]
[WhiteElo "2267"]
[BlackElo "2529"]
[WhiteFideId "4166299"]
[BlackFideId "4153278"]
[EventDate "2015.12.18"]
[EventType "swiss (blitz)"]

1. e4 c5 2. Nf3 Nc6 3. Bb5 d6 4. O-O Bd7 5. c3 Nf6 6. Re1 a6 7. Ba4 b5 8. Bc2
Bg4 9. d3 g6 10. Nbd2 Bg7 11. h3 Bxf3 12. Nxf3 O-O 13. Bd2 Nd7 14. Qe2 Qb6 15.
Bb3 e6 16. Be3 a5 17. Qd2 a4 18. Bc2 a3 19. bxa3 Rxa3 20. d4 Na5 21. Bd3 Ra8 22.
Qb2 b4 23. cxb4 Rxd3 24. Qc2 Rxe3 25. Rxe3 cxb4 26. Rd3 Qb7 27. Rdd1 Nb6 28.
Rab1 Nbc4 29. Qe2 d5 30. exd5 exd5 31. Ne5 Re8 32. Qe1 Nxe5 33. dxe5 Nc6 34.
Rxd5 Nxe5 35. Qd1 Qa7 36. Rd8 Rxd8 37. Qxd8+ Bf8 38. Rxb4 Nc6 39. Qb6 Qe7 40.
Rb1 Ne5 41. a4 Nc4 42. Qd4 Na3 43. Rc1 Qg5 44. f4 Qa5 45. Qe4 h5 46. Kh2 Bg7 47.
Rc8+ Kh7 48. Qe8 Qf5 49. Qe3 Qxc8 50. Qxa3 Qa6 51. Qb3 f5 52. Qb4 Qc6 53. a5 Qe4
54. Qb8 Qa4 55. Qc7 Kh6 56. Kg3 Bd4 57. a6 Qxa6 58. Qf7 Qf6 59. Qd5 Qg7 60. Qe6
Bf6 61. Qd5 Qe7 62. Kh2 Bg7 63. Qc6 h4 64. Qd5 Qe4 65. Qd6 Bd4 66. Qb8 Bg7 67.
Qc7 Kh7 68. Qb8 Qe7 69. Qb3 Bd4 70. Qd5 Qe3 71. Qf7+ Kh6 72. Qf8+ Kh5 73. Qb8
Qg1# 0-1

[Event "European Blitz 2015"]
[Site "Minsk BLR"]
[Date "2015.12.18"]
[Round "13.29"]
[White "Harutjunyan, Gevorg"]
[Black "Gurvich, Vitaly"]
[Result "1-0"]
[WhiteTitle "GM"]
[BlackTitle "FM"]
[WhiteElo "2436"]
[BlackElo "2308"]
[WhiteFideId "13300873"]
[BlackFideId "24164852"]
[EventDate "2015.12.18"]
[EventType "swiss (blitz)"]

1. e4 c5 2. Nf3 d6 3. d4 cxd4 4. Nxd4 Nf6 5. Nc3 a6 6. Bg5 Nbd7 7. Qe2 Qc7 8.
O-O-O h6 9. Bh4 e6 10. f4 Be7 11. g4 g6 12. Bg2 Rb8 13. Rhf1 b5 14. e5 dxe5 15.
fxe5 Ng8 16. Qf2 Rh7 17. Bxe7 Nxe7 18. Ne4 Qxe5 19. Nc6 Qg7 20. Rxd7 Bxd7 21.
Nxb8 Qe5 22. Nf6+ 1-0

[Event "European Blitz 2015"]
[Site "Minsk BLR"]
[Date "2015.12.18"]
[Round "13.30"]
[White "Skliarov, Viktor"]
[Black "Tsyhanchuk, Stanislav"]
[Result "1-0"]
[WhiteTitle "FM"]
[BlackTitle "IM"]
[WhiteElo "2420"]
[BlackElo "2362"]
[WhiteFideId "14106736"]
[BlackFideId "13505130"]
[EventDate "2015.12.18"]
[EventType "swiss (blitz)"]

1. e4 c5 2. Nf3 e6 3. d4 cxd4 4. Nxd4 a6 5. Nc3 b5 6. Be2 Bb7 7. O-O Qc7 8. Re1
Nc6 9. Nxc6 dxc6 10. e5 Rd8 11. Bd3 c5 12. Qh5 g6 13. Qe2 Bg7 14. Bg5 Ne7 15. a4
b4 16. Ne4 Bxe5 17. Nf6+ Bxf6 18. Bxf6 Rg8 19. Bxa6 Ra8 20. Bb5+ Kf8 21. Be5 Qb6
22. Red1 Nd5 23. a5 Rxa5 24. Rxa5 Qxa5 25. Bd6+ Kg7 26. Bxc5 Rc8 27. Bd4+ Kf8
28. Be5 Bc6 29. Bd3 Ne7 30. c3 bxc3 1-0

[Event "European Blitz 2015"]
[Site "Minsk BLR"]
[Date "2015.12.18"]
[Round "13.31"]
[White "Sivuk, Vitaly"]
[Black "Rogule, Laura"]
[Result "1/2-1/2"]
[WhiteTitle "GM"]
[BlackTitle "WGM"]
[WhiteElo "2552"]
[BlackElo "2289"]
[WhiteFideId "14116502"]
[BlackFideId "11601876"]
[EventDate "2015.12.18"]
[EventType "swiss (blitz)"]

1. d4 d5 2. c4 e6 3. Nf3 Nf6 4. g3 dxc4 5. Bg2 Nc6 6. O-O Rb8 7. Nc3 Be7 8. e4
O-O 9. Qe2 b5 10. Rd1 a6 11. d5 exd5 12. e5 Nd7 13. Nxd5 Nb4 14. e6 Nxd5 15.
Rxd5 fxe6 16. Qxe6+ Kh8 17. Bg5 Bxg5 18. Nxg5 Qe8 19. Rad1 Nf6 20. Qxe8 Rxe8 21.
Rc5 Bf5 22. Rxf5 Re2 23. b3 Rxa2 24. bxc4 b4 25. Ne4 b3 26. Nxf6 b2 27. Be4 Ra1
28. Rb1 gxf6 29. Kg2 Re8 30. Rxb2 Rxe4 31. Rxf6 Kg7 32. Rc6 Re7 33. Rb7 a5 34.
Rcxc7 Rxc7 35. Rxc7+ Kg6 36. Ra7 a4 37. c5 a3 38. c6 a2 39. c7 Rc1 40. Rxa2 Rxc7
41. f4 Kf5 42. Re2 Rc3 43. h3 h5 44. Re5+ Kg6 45. Kf2 h4 46. Re3 Rc2+ 47. Kf3
hxg3 48. Kxg3 Rc4 49. Kg4 Rc1 50. Re6+ Kf7 51. Re5 Rh1 52. h4 Rf1 53. Rg5 Kf6
54. Rf5+ Kg6 55. h5+ Kh6 56. Rf6+ Kg7 57. Rg6+ Kh7 58. Kg5 Rg1+ 59. Kf6 Rh1 60.
Rg5 Rf1 61. f5 Kh6 62. Rg8 Kxh5 63. Rh8+ Kg4 64. Rg8+ Kf4 65. Ra8 Kg4 66. Kg6
Rxf5 67. Ra4+ Rf4 68. Rxf4+ Kxf4 1/2-1/2

[Event "European Blitz 2015"]
[Site "Minsk BLR"]
[Date "2015.12.18"]
[Round "13.32"]
[White "Lanin, Alexsej"]
[Black "Ladva, Ottomar"]
[Result "0-1"]
[WhiteTitle "IM"]
[BlackTitle "IM"]
[WhiteElo "2394"]
[BlackElo "2401"]
[WhiteFideId "4154959"]
[BlackFideId "4500024"]
[EventDate "2015.12.18"]
[EventType "swiss (blitz)"]

1. e4 c5 2. Nf3 e6 3. d4 cxd4 4. Nxd4 Nc6 5. Nb5 d6 6. c4 Nf6 7. N5c3 Be7 8. Be2
O-O 9. O-O b6 10. Be3 Bb7 11. f4 Rc8 12. Nd2 Qc7 13. Bf3 Rfd8 14. Rc1 Nb4 15.
Qe2 Qb8 16. a3 Na6 17. g4 Qa8 18. g5 Nd7 19. f5 Ne5 20. fxe6 fxe6 21. Bg4 Nc7
22. Nb5 Bxe4 23. Nxc7 Rxc7 24. Bxe6+ Kh8 25. Nxe4 Qxe4 26. Bd5 Qg6 27. Kh1 Rcc8
28. Qg2 Rf8 29. Rxf8+ Rxf8 30. Rf1 Qd3 31. Rxf8+ Bxf8 32. Bg1 Be7 33. b4 g6 34.
Qe4 Qxe4+ 35. Bxe4 Bxg5 36. Bd4 Bf6 37. Bxe5 dxe5 38. Kg2 Be7 39. Kf3 Kg7 40. h3
Kf6 41. Bd5 Kf5 42. Be4+ Kg5 43. Bd5 Kh4 44. Kg2 a5 45. bxa5 bxa5 46. a4 Bc5 47.
Bg8 h6 48. Bd5 g5 49. Be4 h5 50. Bf3 g4 51. hxg4 hxg4 52. Bc6 Kg5 53. Bd7 Kf4
54. Kf1 e4 55. Ke2 Kg3 56. Bc8 Kf4 57. Bd7 g3 58. Bh3 Ke5 59. Bg2 Bf2 60. Bh1
Kd4 61. Bg2 Ke5 62. Bh1 Kd4 63. Bg2 e3 64. Bd5 Kc5 65. Be4 Kxc4 66. Kf1 Kd4 67.
Bf5 Kc3 68. Ke2 g2 0-1

[Event "European Blitz 2015"]
[Site "Minsk BLR"]
[Date "2015.12.18"]
[Round "13.33"]
[White "Tukhaev, Adam"]
[Black "Minko, Vladimir"]
[Result "1-0"]
[WhiteTitle "GM"]
[BlackTitle "FM"]
[WhiteElo "2564"]
[BlackElo "2361"]
[WhiteFideId "14109476"]
[BlackFideId "24146706"]
[EventDate "2015.12.18"]
[EventType "swiss (blitz)"]

1. e4 c5 2. Nf3 e6 3. d4 cxd4 4. Nxd4 Nc6 5. Nc3 Qc7 6. Be2 Nf6 7. O-O a6 8. Be3
Bb4 9. Na4 O-O 10. c4 Be7 11. Nc3 Nxd4 12. Qxd4 d6 13. Rac1 Rd8 14. Qb6 Qxb6 15.
Bxb6 Re8 16. Rfd1 Bd7 17. Bc7 Bc6 18. f3 d5 19. cxd5 exd5 20. exd5 Bc5+ 21. Kf1
Bd7 22. Bf4 Bb6 23. d6 Bc6 24. Bc4 Rac8 25. b3 h6 26. Re1 Bd7 27. Rxe8+ Rxe8 28.
Nd5 Nxd5 29. Bxd5 g5 30. Bg3 Kg7 31. Bc4 f5 32. Bf2 Ba5 33. Rd1 f4 34. Bd4+ Kg6
35. a4 Bf5 36. Bd5 Rd8 37. Be5 b5 38. axb5 axb5 39. Bc6 b4 40. Ba4 Bb6 41. d7
Be6 42. Rd6 Kf7 43. Rxb6 1-0

[Event "European Blitz 2015"]
[Site "Minsk BLR"]
[Date "2015.12.18"]
[Round "13.34"]
[White "Ivanov, Alexander Al."]
[Black "Novitzkij, Dmitrij"]
[Result "1/2-1/2"]
[WhiteTitle "GM"]
[BlackTitle "IM"]
[WhiteElo "2397"]
[BlackElo "2317"]
[WhiteFideId "4126360"]
[BlackFideId "13500619"]
[EventDate "2015.12.18"]
[EventType "swiss (blitz)"]

1. e4 c6 2. d3 d5 3. Qe2 g6 4. Nf3 Bg7 5. g3 Bg4 6. Bg2 e6 7. O-O Ne7 8. c3 O-O
9. h3 Bxf3 10. Qxf3 Nd7 11. Qe2 Nc5 12. e5 d4 13. c4 a5 14. b3 Qb6 15. Ba3 a4
16. b4 Nd7 17. f4 Nf5 18. Qe1 Ne3 19. Rf2 f6 20. exf6 Rxf6 21. Bc1 e5 22. c5 Qb5
23. Bxe3 dxe3 24. Qxe3 Qxb4 25. Nd2 exf4 26. gxf4 Qxc5 27. Qg3 Rxf4 28. Qxf4 Rf8
29. Ne4 Qxf2+ 30. Qxf2 Rxf2 31. Kxf2 Bxa1 32. Nd6 Nc5 33. Ke3 Be5 34. Nc4 Bc3
35. Nd6 Kf8 36. d4 Ne6 37. d5 cxd5 38. Bxd5 Nc5 39. Nxb7 Nd7 40. Bc6 Ne5 41.
Bxa4 Ke7 42. Ke4 Nf7 43. Kd5 Ng5 44. h4 Nf3 45. Kc4 Be5 46. h5 gxh5 47. Bc6 Nd4
48. Bd5 Nf5 49. a4 Ne3+ 50. Kc5 Nxd5 51. Kxd5 Bc7 52. a5 h4 53. a6 Bb6 54. Ke4
h3 55. Kf3 1/2-1/2

[Event "European Blitz 2015"]
[Site "Minsk BLR"]
[Date "2015.12.18"]
[Round "13.35"]
[White "Kocheev, Aleksandr"]
[Black "Przybylski, Wojciech"]
[Result "1-0"]
[BlackTitle "FM"]
[WhiteElo "2355"]
[BlackElo "2337"]
[WhiteFideId "13507842"]
[BlackFideId "1117599"]
[EventDate "2015.12.18"]
[EventType "swiss (blitz)"]

1. e4 e5 2. Nf3 Nc6 3. d4 exd4 4. Nxd4 Nf6 5. Nxc6 bxc6 6. e5 Qe7 7. Qe2 Nd5 8.
c4 Nb6 9. Nc3 Qe6 10. Qe4 g6 11. Bd3 Bg7 12. Bf4 O-O 13. O-O Ba6 14. b3 d5 15.
cxd5 cxd5 16. Qe2 Bxd3 17. Qxd3 c5 18. Rfe1 Rac8 19. Rad1 Rfd8 20. Bg3 Rd7 21.
Qa6 d4 22. Ne4 Qc6 23. Rc1 Qd5 24. a4 Rc6 25. a5 Nc8 26. Qc4 d3 27. Red1 Qxc4
28. Rxc4 Rd5 29. f4 Ne7 30. Bf2 Nf5 31. Nxc5 g5 32. Nxd3 Rxc4 33. bxc4 Rxa5 34.
g3 gxf4 35. gxf4 Bf8 36. c5 Ra3 37. Kg2 Rc3 38. Kf3 Be7 39. Ke4 Ng7 40. f5 f6
41. Bd4 Rc4 42. Kd5 Ra4 43. Nb2 Ra6 44. c6 fxe5 45. c7 Rd6+ 46. Ke4 Rc6 47. Bxe5
Ne8 48. Rd8 Rxc7 49. Rxe8+ Kf7 50. Bxc7 Kxe8 51. Be5 Kf7 52. Nc4 Bb4 53. Kd5 a5
54. Nd6+ Kf8 55. Ke6 a4 56. f6 a3 57. f7 a2 58. Nf5 1-0

[Event "European Blitz 2015"]
[Site "Minsk BLR"]
[Date "2015.12.18"]
[Round "13.36"]
[White "Popov, Mikhail"]
[Black "Olhovik, Andrei"]
[Result "0-1"]
[WhiteTitle "FM"]
[WhiteElo "2280"]
[BlackElo "2308"]
[WhiteFideId "4146182"]
[BlackFideId "13507397"]
[EventDate "2015.12.18"]
[EventType "swiss (blitz)"]

1. c4 c5 2. g3 g6 3. Bg2 Bg7 4. Nc3 Nc6 5. Nf3 d6 6. O-O e5 7. d3 Nge7 8. Ne1
Be6 9. Nc2 d5 10. cxd5 Nxd5 11. Ne3 Nde7 12. a3 O-O 13. Bd2 a5 14. Nc4 Rb8 15.
Nb5 Nd4 16. Nxd4 exd4 17. Bxa5 b6 18. Bd2 Nd5 19. a4 Qd7 20. Qb3 Rfe8 21. Rfe1
h5 22. h4 Kh7 23. Qc2 f5 24. Bg5 f4 25. Nd2 fxg3 26. fxg3 Bh3 27. Ne4 Rf8 28.
Rf1 Bxg2 0-1

[Event "European Blitz 2015"]
[Site "Minsk BLR"]
[Date "2015.12.18"]
[Round "13.39"]
[White "Aleksandrov, Aleksej"]
[Black "Martynov, Roman"]
[Result "1-0"]
[WhiteTitle "GM"]
[WhiteElo "2615"]
[BlackElo "2284"]
[WhiteFideId "13500139"]
[BlackFideId "14132044"]
[EventDate "2015.12.18"]
[EventType "swiss (blitz)"]

1. d4 Nf6 2. c4 e6 3. Nc3 Bb4 4. e3 b6 5. f3 O-O 6. e4 d5 7. cxd5 exd5 8. e5
Nfd7 9. f4 c5 10. a3 Bxc3+ 11. bxc3 Ba6 12. Bxa6 Nxa6 13. Nf3 Nc7 14. O-O f6 15.
f5 fxe5 16. Nxe5 Nb5 17. Qb3 Nc7 18. Ra2 c4 19. Qa4 b5 20. Qd1 Ne8 21. a4 bxa4
22. Qxa4 Nef6 23. Bg5 Nxe5 24. dxe5 Qb6+ 25. Kh1 Ne4 26. Qd7 Nxg5 27. Qxd5+ Kh8
28. h4 Nf7 29. e6 Nh6 30. e7 Rfe8 31. Re2 Qc7 32. f6 gxf6 33. Rxf6 Ng8 34. Rf7 1-0

[Event "European Blitz 2015"]
[Site "Minsk BLR"]
[Date "2015.12.18"]
[Round "13.40"]
[White "Dzhangobegov, Vladimir"]
[Black "Kulaots, Kaido"]
[Result "1-0"]
[WhiteTitle "FM"]
[BlackTitle "GM"]
[WhiteElo "2314"]
[BlackElo "2574"]
[WhiteFideId "4180984"]
[BlackFideId "4500261"]
[EventDate "2015.12.18"]
[EventType "swiss (blitz)"]

1. e4 g6 2. d4 Bg7 3. Nf3 d6 4. c3 Nf6 5. Bd3 Nbd7 6. O-O e5 7. Re1 O-O 8. Nbd2
Re8 9. a4 a5 10. Nc4 b6 11. Bg5 h6 12. Bh4 Bb7 13. Qc2 g5 14. Bg3 Nh5 15. dxe5
dxe5 16. Rad1 Nf4 17. Bf1 Qe7 18. Ne3 Nc5 19. Nd2 Rad8 20. f3 Qf6 21. Ndc4 Rxd1
22. Rxd1 Qg6 23. Nf5 Bf6 24. Nce3 h5 25. h3 Bc8 26. Bb5 Rf8 27. Bxf4 gxf4 28.
Nd5 Bd8 29. Nfe7+ 1-0

[Event "European Blitz 2015"]
[Site "Minsk BLR"]
[Date "2015.12.18"]
[Round "13.41"]
[White "Nazaretyan, Tigran"]
[Black "Goganov, Aleksey"]
[Result "0-1"]
[BlackTitle "GM"]
[WhiteElo "2301"]
[BlackElo "2597"]
[WhiteFideId "24162345"]
[BlackFideId "24109959"]
[EventDate "2015.12.18"]
[EventType "swiss (blitz)"]

1. d4 Nf6 2. c4 e6 3. Nc3 d5 4. Nf3 Nbd7 5. Qc2 dxc4 6. e4 c5 7. dxc5 Bxc5 8.
Bxc4 Qc7 9. Bb3 O-O 10. h3 b5 11. a3 Ba6 12. Bg5 Rac8 13. Rc1 Ne5 14. Nxe5 Qxe5
15. Bxf6 Qxf6 16. Qe2 b4 17. Qxa6 Qxf2+ 18. Kd1 bxc3 19. Rxc3 Qxb2 20. Rd3 Qb1+ 0-1

[Event "European Blitz 2015"]
[Site "Minsk BLR"]
[Date "2015.12.18"]
[Round "13.42"]
[White "Potapov, Pavel"]
[Black "Savitskiy, Sergey"]
[Result "0-1"]
[WhiteTitle "IM"]
[BlackTitle "FM"]
[WhiteElo "2476"]
[BlackElo "2365"]
[WhiteFideId "4169786"]
[BlackFideId "24105660"]
[EventDate "2015.12.18"]
[EventType "swiss (blitz)"]

1. e4 g6 2. d4 Bg7 3. Nc3 d6 4. g3 Nf6 5. Bg2 O-O 6. Nge2 Nbd7 7. O-O e5 8. h3
Re8 9. dxe5 dxe5 10. Be3 c6 11. a4 a5 12. Qd2 Qe7 13. Rfd1 Nc5 14. Qd6 Qxd6 15.
Rxd6 Ne6 16. f4 exf4 17. gxf4 Bf8 18. Rd2 Bc5 19. Bxc5 Nxc5 20. e5 Nh5 21. Kf2
f6 22. exf6 Nxf6 23. Rad1 Kf7 24. Nd4 Nce4+ 25. Nxe4 Nxe4+ 26. Bxe4 Rxe4 27. Kf3
Re7 28. c4 Bd7 29. c5 Rae8 30. Rd3 h5 31. Rh1 Bc8 32. b3 Kf6 33. Kf2 Re4 34. Kf3
Bf5 35. Nxf5 Kxf5 36. Rd7 Rxf4+ 37. Kg2 Re2+ 38. Kg1 Rb4 39. Rh2 Rxh2 40. Kxh2
Rxb3 41. Kg2 h4 42. Re7 g5 43. Kh2 Rb2+ 44. Kg1 Kf4 45. Rd7 Ke4 46. Kh1 Rb4 47.
Kg2 Rxa4 48. Rxb7 Rc4 49. Re7+ Kf5 50. Rf7+ Kg6 51. Ra7 Rxc5 52. Kf2 Kf5 53.
Rf7+ Ke4 54. Re7+ Kd4 0-1

[Event "European Blitz 2015"]
[Site "Minsk BLR"]
[Date "2015.12.18"]
[Round "13.43"]
[White "Stupak, Kirill"]
[Black "Kochetkova, Julia"]
[Result "1-0"]
[WhiteTitle "GM"]
[BlackTitle "WGM"]
[WhiteElo "2542"]
[BlackElo "2320"]
[WhiteFideId "13503758"]
[BlackFideId "4139690"]
[EventDate "2015.12.18"]
[EventType "swiss (blitz)"]

1. d4 d5 2. Nf3 Nf6 3. g3 Bf5 4. Bg2 c6 5. O-O e6 6. c4 Be7 7. Nc3 Nbd7 8. Qb3
Qb6 9. c5 Qa6 10. Re1 b6 11. Bf1 Qc8 12. cxb6 axb6 13. Bf4 O-O 14. h3 h6 15. g4
Bh7 16. e3 Ne4 17. Nxe4 Bxe4 18. Nd2 Bg6 19. Rac1 Qb7 20. a3 c5 21. Bg2 Qa6 22.
Qd1 Rac8 23. Nb1 Bf6 24. Nc3 Rfd8 25. Bg3 cxd4 26. exd4 Nb8 27. Bf1 Qb7 28. Nb5
Be7 29. Qa4 Nc6 30. Nc7 Nb8 31. Rc3 Bd6 32. Bxd6 Rxd6 33. Rec1 Rdd8 34. f3 Rf8
35. Bb5 Rcd8 36. Na6 Nxa6 37. Qxa6 Qb8 38. Rc7 Bh7 39. Qb7 Qxb7 40. Rxb7 Rb8 41.
Rcc7 Bg6 42. Kf2 Rfc8 43. Ke3 Rxb7 44. Rxc8+ Kh7 45. a4 f6 46. Kd2 Re7 47. Rb8
e5 48. dxe5 fxe5 49. Rxb6 Rf7 50. Be8 1-0

[Event "European Blitz 2015"]
[Site "Minsk BLR"]
[Date "2015.12.18"]
[Round "13.44"]
[White "Grishchenko, Sergey1"]
[Black "Pavlidis, Anastasios"]
[Result "1-0"]
[WhiteTitle "IM"]
[BlackTitle "IM"]
[WhiteElo "2442"]
[BlackElo "2410"]
[WhiteFideId "4136730"]
[BlackFideId "4208404"]
[EventDate "2015.12.18"]
[EventType "swiss (blitz)"]

1. d4 Nf6 2. c4 g6 3. Nc3 Bg7 4. e4 d6 5. h3 O-O 6. Be3 b6 7. Bd3 Nfd7 8. Nf3 c5
9. d5 Ne5 10. Nxe5 Bxe5 11. f4 Bg7 12. f5 Nd7 13. O-O Ne5 14. Be2 a6 15. a4 Rb8
16. Qd2 Re8 17. Bg5 Bd7 18. Kh1 f6 19. Be3 Rf8 20. Rab1 Qc8 21. g4 g5 22. h4 h6
23. Kg2 Kf7 24. Rh1 Rh8 25. Rh3 Qe8 26. b3 Qc8 27. Rbh1 Qb7 28. Bf2 a5 29. Bg3
Qc7 30. Rd1 Rbd8 31. Bxe5 dxe5 32. d6 Qxd6 33. Qxd6 exd6 34. Rxd6 gxh4 35. Rhd3
Ke7 36. Rxb6 Bc8 37. Nd5+ Kf7 38. Rb5 h5 39. gxh5 Bh6 40. Rxc5 Bf4 41. Rc7+ Rd7
42. Rxd7+ Bxd7 43. Nxf4 exf4 44. Rxd7+ Ke8 45. Rg7 1-0